Statistics for International cities with a population of 2-4 million

Click here to take the quiz!

General Stats

  • This quiz has been taken 16 times
  • The average score is 9 of 30

Answer Stats

PopulationAnswer% Correct
3,154,000Athens
79%
3,556,000Berlin
79%
3,136,000Milan
71%
2,016,000Perth
64%
2,722,000Chicago
50%
2,942,000Lisbon
50%
2,065,000Brussels
43%
3,716,000Casablanca
43%
2,138,000Havana
43%
2,358,000Houston
43%
2,555,000Vancouver
43%
2,372,000Brisbane
36%
2,710,000Manchester
36%
3,966,000Medellin
36%
3,095,000Abuja
21%
2,475,000Accra
21%
2,754,000Cali
21%
2,833,000Dubai
21%
2,004,000Mecca
21%
2,472,000Pretoria
21%
3,812,000Jaipur
14%
2,099,000Tijuana
14%
2,406,000Beirut
7%
3,464,000Busan
7%
2,089,000Hiroshima
7%
3,100,000Kanpur
7%
3,589,000Lucknow
7%
2,014,000Phnom Penh
7%
2,921,000Surabaya
7%
2,333,000Bhopal
0%

Score Distribution

Percentile by Number Answered

Percent of People with Each Score

Your Score History

You have not taken this quiz